000
00308nam a22001337a 4500
008
190204b xxu||||| |||| 00| 0 eng d
020
_a
9780323053457
041
_a
eng
080
_a
610.73
100
_a
2
101
_a
INF
245
_a
Diagnostic and Laboratory Test Reference
_c
Pagana
942
_2
udc
_c
BK
999
_c
53935
_d
53935